Engineering Mechanics Statics : Statics Study Pack. (Record no. 3166)

MARC details
005 - DATE AND TIME OF LATEST TRANSACTION
control field 20250621094104.0
020 ## - INTERNATIONAL STANDARD BOOK NUMBER
International Standard Book Number 0-13-029435-7
082 ## - DEWEY DECIMAL CLASSIFICATION NUMBER
Classification number TEA LM 620.105 HIB
100 ## - MAIN ENTRY--PERSONAL NAME
Author name HIBBELER, R. C.
245 ## - TITLE STATEMENT
Title Engineering Mechanics Statics : Statics Study Pack.
260 ## - PUBLICATION, DISTRIBUTION, ETC.
Place of publication, distribution, etc. London,
Name of publisher, distributor, etc. Prentice-Hill,
Date of publication, distribution, etc. 2001.
300 ## - PHYSICAL DESCRIPTION
Extent 112p.: ill.; figure, table
Dimensions 23cm
942 ## - ADDED ENTRY ELEMENTS (KOHA)
Source of classification or shelving scheme Dewey Decimal Classification
Koha item type Books
Holdings
Date last seen Total checkouts Full call number Barcode Cost, replacement price Price effective from Koha item type Lost status Source of classification or shelving scheme Damaged status Not for loan Withdrawn status Home library Current library Shelving location Date acquired Cost, normal purchase price
06/05/2025   TEA LM 620.105 HIB 00000011101 314139.00 06/05/2025 Books   Dewey Decimal Classification       College of Business Education Main Library College of Business Education Main Library General Collection 04/22/2005 104713.00
06/05/2025   TEA LM 620.105 HIB 00000011102 314139.00 06/05/2025 Books   Dewey Decimal Classification       College of Business Education Main Library College of Business Education Main Library General Collection 04/22/2005 104713.00
06/05/2025   TEA LM 620.105 HIB 00000011103 314139.00 06/05/2025 Books   Dewey Decimal Classification       College of Business Education Main Library College of Business Education Main Library General Collection 04/22/2005 104713.00
06/05/2025   TEA LM 620.105 HIB 00000011104 314139.00 06/05/2025 Books   Dewey Decimal Classification       College of Business Education Main Library College of Business Education Main Library General Collection 04/22/2005 104713.00
06/05/2025   TEA LM 620.103 MER 00000011105 314139.00 06/05/2025 Books   Dewey Decimal Classification       College of Business Education Main Library College of Business Education Main Library General Collection 04/22/2005 104713.00
06/05/2025   TEA LM 620.105 HIB 00000011106 314139.00 06/05/2025 Books   Dewey Decimal Classification       College of Business Education Main Library College of Business Education Main Library General Collection 04/22/2005 104713.00